Forest enginnering work, ការងារវិស្វកម្មព្រៃឈើ (Record no. 9397)

000 -LEADER
fixed length control field 00329nam a22001217a 4500
040 ## - CATALOGING SOURCE
Transcribing agency SY
082 ## - DEWEY DECIMAL CLASSIFICATION NUMBER
Classification number 620
100 ## - MAIN ENTRY--AUTHOR NAME
Personal name CHHAY SARAN; ឆៃ​ សារ៉ាន់
245 ## - TITLE STATEMENT
Title Forest enginnering work, ការងារវិស្វកម្មព្រៃឈើ
260 ## - PUBLICATION, DISTRIBUTION, ETC. (IMPRINT)
Place of publication RUA
Name of publisher CHH
Year of publication 2009
300 ## - PHYSICAL DESCRIPTION
Number of Pages 62p.
942 ## - ADDED ENTRY ELEMENTS (KOHA)
Koha item type សៀវភៅភាសាខ្មែរ
952 ## - LOCATION AND ITEM INFORMATION (KOHA)
Withdrawn status [LOCAL, KOHA] 0
952 ## - LOCATION AND ITEM INFORMATION (KOHA)
Withdrawn status [LOCAL, KOHA] 0
Holdings
Permanent Location Date acquired Koha item type Lost status Shelving location Barcode Current Location Full call number
Library Block C2016-09-01សៀវភៅភាសាខ្មែរ C257RUA42094Library Block C620 CHH 2009 C257
Library Block C2016-09-01សៀវភៅភាសាខ្មែរ C257RUA43974Library Block C620 CHH 2009 C257
មជ្ឈមណ្ឌលឯការនៃសាកលវិទ្យាល័យភូមិន្ទកសិកម្មចំការដូង

Powered by Koha